| 000 | 00655nam a2200193 a 4500 | ||
|---|---|---|---|
| 003 | PILC | ||
| 005 | 20150817152236.0 | ||
| 008 | 100717s19uu xx 00 eng d | ||
| 020 | _a0866121730 | ||
| 050 |
_aTX 911.2 _b.As859 1998 |
||
| 100 |
_aAstoff, Milton T. _911680 |
||
| 245 |
_aConvention management and service / _cMilton T. Astroff and James R. Abbey |
||
| 250 | _a5th edition. | ||
| 260 |
_aEast Lansing, Michigan : _bEducational Institute of the American Hotel & Motel Association, _c1998. |
||
| 300 |
_a664 pages : _billustration ; _c26 cm. |
||
| 650 |
_aConvention Management _911681 |
||
| 700 |
_aAbbey, James R. _911682 |
||
| 942 |
_2lcc _cBK |
||
| 999 |
_c14411 _d14411 |
||